| 000 | 00719nam a2200253Ia 4500 | ||
|---|---|---|---|
| 005 | 20260429112307.0 | ||
| 008 | 260429s9999||||xx |||||||||||||| ||und|| | ||
| 020 | _a9789364440820 | ||
| 041 | _aEnglish | ||
| 082 |
_a006.3 _bSIN |
||
| 100 | _aSingh, Pradeep | ||
| 245 | 0 |
_aArtificial intelligence and machine learning / _cPradeep Singh |
|
| 260 |
_aNew York : _bMcGraw Hill, _c2026. |
||
| 300 | _axxx, 554 p.; pbk | ||
| 650 | _a Computer science (arXiv) | ||
| 650 | _a Data science | ||
| 650 | _a Intelligent systems | ||
| 650 | _a Machine learning | ||
| 650 | _a Neural networks | ||
| 650 | _aArtificial intelligence | ||
| 700 | _a Gandhi, Tapan K. | ||
| 700 | _a Raman, Balasubramanian | ||
| 942 | _cTB | ||
| 999 |
_c53351 _d53351 |
||